Detalles MARC
| 000 -CABECERA |
| campo de control de longitud fija |
01134nam a22002657a 4500 |
| 003 - IDENTIFICADOR DEL NÚMERO DE CONTROL |
| campo de control |
DO-SdBNP |
| 005 - FECHA Y HORA DE LA ÚLTIMA TRANSACCIÓN |
| campo de control |
20221114111231.0 |
| 007 - CAMPO FIJO DE DESCRIPCIÓN FÍSICA--INFORMACIÓN GENERAL |
| campo de control de longitud fija |
ta |
| 008 - DATOS DE LONGITUD FIJA--INFORMACIÓN GENERAL |
| campo de control de longitud fija |
110301s2014 dr co 000 0 spa d |
| 040 ## - FUENTE DE LA CATALOGACIÓN |
| Centro catalogador/agencia de origen |
DO-SdBNP |
| Lengua de catalogación |
spa |
| Centro/agencia transcriptor |
BNPHU |
| 082 #4 - NÚMERO DE LA CLASIFICACIÓN DECIMAL DEWEY |
| Número de clasificación |
xxxx |
| Número de documento/Ítem |
V944 |
| 100 1# - ENTRADA PRINCIPAL--NOMBRE DE PERSONA |
| Nombre de persona |
Volz, Mandy |
| 9 (RLIN) |
53018 |
| 245 14 - MENCIÓN DE TÍTULO |
| Título |
Una retrospectiva : |
| Resto del título |
esculturas, pinturas, dibujos / |
| Mención de responsabilidad, etc. |
Mandy Volz ; textos Line Marie León Pernet, Marianne de Tolentino ; fotografías Mariano Hernández |
| 260 ## - PUBLICACIÓN, DISTRIBUCIÓN, ETC. |
| Lugar de publicación, distribución, etc. |
Santo Domingo : |
| Nombre del editor, distribuidor, etc. |
Punto Visual, |
| Fecha de publicación, distribución, etc. |
2014. |
| 300 ## - DESCRIPCIÓN FÍSICA |
| Extensión |
57 p. : |
| Otras características físicas |
il., retr., fot. |
| Dimensiones |
28 cm. |
| 500 ## - NOTA GENERAL |
| Nota general |
Incluye datos biográficos del autor en la pagina 57. |
| 500 ## - NOTA GENERAL |
| Nota general |
Del 8 de abril al 29 de mayo, 214 galería Nacional de Bellas Artes, Palacio de Bellas Artes. |
| 500 ## - NOTA GENERAL |
| Nota general |
Auspicios de: Embajada de Suiza en la República Dominicana. Ministerio de Cultura de la República Dominicana. Dirección General de Bellas Artes. |
| 590 ## - NOTA LOCAL (RLIN) |
| Nota local |
Inventariado, 2022/ YL |
| 700 12 - PUNTO DE ACCESO ADICIONAL--NOMBRE DE PERSONA |
| Nombre de persona |
León Pernet, Line Marie |
| Término indicativo de función/relación |
tex. |
| 9 (RLIN) |
82814 |
| 700 12 - PUNTO DE ACCESO ADICIONAL--NOMBRE DE PERSONA |
| Nombre de persona |
Tolentino, Marianne de |
| Término indicativo de función/relación |
tex. |
| 9 (RLIN) |
15222 |
| 700 12 - PUNTO DE ACCESO ADICIONAL--NOMBRE DE PERSONA |
| Nombre de persona |
Hernández, Mariano |
| Término indicativo de función/relación |
fot. |
| 910 ## - DATOS DE OPCIÓN DEL USUARIO (OCLC) |
| Datos de opción del usuario |
YLockward |
| 942 ## - ELEMENTOS DE PUNTO DE ACCESO ADICIONAL (KOHA) |
| Fuente del sistema de clasificación o colocación |
Dewey Decimal Classification |
| Tipo de ítem Koha |
Libro |